| 000 | 00837nas a2200289 4500 | ||
|---|---|---|---|
| 001 | BR9900817 | ||
| 003 | BR-BrBNA | ||
| 005 | 20231205101242.0 | ||
| 007 | ta | ||
| 008 | 230509b bl.|||p| |||| 00| 00por d | ||
| 040 |
_aBR-BrBNA _bpor _cBiblioteca Nacional de Agricultura |
||
| 041 | _a(Pt) | ||
| 072 | _aL02; Q54 | ||
| 100 | 1 | _aCastro, J.C. | |
| 100 | 1 | _aLima, S.L. | |
| 100 | 1 | _aDonzele, J.L. | |
| 100 | 1 | _aBraga, L.G.T. | |
| 245 | 1 | _aEnergia metabolizavel de alguns alimentos usados em racoes de ras | |
| 650 | _aRa | ||
| 650 | _aRacao | ||
| 650 | _aDieta | ||
| 650 | _aComposicao de Alimento | ||
| 650 | _aValor Nutritivo | ||
| 773 | 0 |
_tRevista Brasileira de Zootecnia (Brazil) _xISSN 0100-4859 _g(Nov-Dec 1998), v. 27(6) p. 1051-1056 _wBR9900817 |
|
| 909 |
_a202311 _bLúcia _c55 _dLúcia Elande |
||
| 942 |
_2AGRIS _n0 _cANA |
||
| 999 |
_c160693 _d160693 |
||